Cooperstown Symposium on Baseball and the American Culture, 2007-2008

Đã lưu trong:
Chi tiết về thư mục
Nhiều tác giả của công ty: Cooperstown Symposium on Baseball and the American Culture Cooperstown, N.Y., State University of New York College at Oneonta, ebrary, Inc, Cooperstown Symposium on Baseball and the American Culture
Tác giả khác: Simons, William M.
Định dạng: Điện tử Hội nghị đang tiến hành eBook
Ngôn ngữ:Tiếng Anh
Được phát hành: Jefferson, N.C. : McFarland & Co., 2009.
Loạt:Baseball and American society.
Những chủ đề:
Truy cập trực tuyến:An electronic book accessible through the World Wide Web; click to view
Các nhãn: Thêm thẻ
Không có thẻ, Là người đầu tiên thẻ bản ghi này!

MARC

LEADER 00000nam a2200000 a 4500
001 0000110689
005 20171002055826.0
006 m u
007 cr cn|||||||||
008 091006s2009 ncua sb 101 0 eng d
020 |z 9780786435692 
020 |z 9780786453313 
035 |a (CaPaEBR)ebr10309932 
035 |a (OCoLC)647818174 
040 |a CaPaEBR  |c CaPaEBR 
043 |a n-us--- 
050 1 4 |a GV867.64  |b .C66 2009eb 
111 2 |a Cooperstown Symposium on Baseball and the American Culture  |n (19th :  |d 2007 :  |c Cooperstown, N.Y.) 
245 1 0 |a Cooperstown Symposium on Baseball and the American Culture, 2007-2008  |h [electronic resource] /  |c edited by William M. Simons. 
246 3 0 |a Symposium on Baseball and the American Culture 
246 3 0 |a Symposium on Baseball and American Culture 
246 3 0 |a Baseball and the American Culture 
246 3 0 |a Baseball and American Culture 
260 |a Jefferson, N.C. :  |b McFarland & Co.,  |c 2009. 
300 |a vii, 270 p. :  |b ill. 
490 1 |a 1989-1990: Baseball and American society,  |x 1536-1195 
504 |a Includes bibliographical references and index. 
505 0 |a pt. 1. Cultural perspectives on the game -- pt. 2. Litarary baseball -- pt. 3. Baseball at the movies -- pt. 4. Minority standard bearers -- pt. 5. New leagues -- pt. 6. The business of baseball. 
533 |a Electronic reproduction.  |b Palo Alto, Calif. :  |c ebrary,  |d 2013.  |n Available via World Wide Web.  |n Access may be limited to ebrary affiliated libraries. 
650 0 |a Baseball  |x Social aspects  |z United States  |v Congresses. 
650 0 |a Baseball  |z United States  |x History  |v Congresses. 
651 0 |a United States  |x Social conditions  |v Congresses. 
655 7 |a Electronic books.  |2 local 
700 1 |a Simons, William M. 
710 2 |a State University of New York College at Oneonta. 
710 2 |a ebrary, Inc. 
711 2 |a Cooperstown Symposium on Baseball and the American Culture  |n (20th :  |d 2008 :  |c Cooperstown, N.Y.) 
830 0 |a Baseball and American society. 
856 4 0 |u http://site.ebrary.com/lib/daystar/Doc?id=10309932  |z An electronic book accessible through the World Wide Web; click to view 
908 |a 170314 
942 0 0 |c EB 
999 |c 99839  |d 99839